00550nam a2200133 a 450000500170000000800410001705000230005810000220008124501190010325000120022226000470023452001120028165000230039320140414131958.0110209s19uu xx 00 eng d aTR 736.9bF87 2005 aFreymann, Saxton. aFood for thought :bthe complete book of concepts for growing minds /cwritten and illustrated by Saxton Freymann. a1st ed. aNew York :bArthur A. Levine Books,c2005. aPresents fruits and vegetables carved into shapes to teach colors, numbers, letters, shapes, and opposites. aVegetable carving.